[Event "Blonduos Icelandic op"]
[Site "Blonduos"]
[Date "2025.06.16"]
[Round "3"]
[White "Skarphedinsson, Ingvar Wu"]
[Black "Arnljotsson, Jon H"]
[Result "1-0"]
[WhiteElo "2063"]
[BlackElo "1858"]
[PlyCount "45"]
[EventDate "2025.06.15"]
[EventType "swiss"]
[EventRounds "9"]
[EventCountry "ISL"]
[SourceTitle "CB26_2025"]
[SourceDate "2025.06.25"]
[SourceVersion "1"]
[SourceVersionDate "2025.06.25"]
[SourceQuality "1"]

1. d4 Nf6 2. c4 e6 3. g3 Bb4+ 4. Nd2 Ne4 5. Bg2 Nxd2 6. Bxd2 Bxd2+ 7. Qxd2 d5 8. Nf3 Nd7 9. 0-0 c6 10. Qc2 0-0 11. Rad1 Qe7 12. e4 dxe4 13. Qxe4 Nf6 14. Qe2 Re8 15. Rfe1 Kf8 16. Qc2 Qc7 17. Ng5 h6 18. Nh7+ Nxh7 19. Qxh7 f6 20. Be4 Re7 21. Bg6 Rf7 22. Qh8+ Ke7 23. Qg8 1-0

[Event "Reykjavik op"]
[Site "Reykjavik"]
[Date "2024.03.17"]
[Round "4"]
[White "Arun, Nitish"]
[Black "Skarphedinsson, Ingvar Wu"]
[Result "0-1"]
[WhiteElo "1808"]
[BlackElo "2049"]
[PlyCount "160"]
[EventDate "2024.03.15"]
[EventType "swiss"]
[EventRounds "9"]
[EventCountry "ISL"]
[SourceTitle "CBM 219 Extra"]
[Source "ChessBase"]
[SourceDate "2024.05.31"]
[SourceVersion "1"]
[SourceVersionDate "2024.05.31"]
[SourceQuality "1"]

1. d4 d5 2. c4 e6 3. Nc3 Nf6 4. Nf3 a6 5. e3 Be7 6. Bd3 0-0 7. 0-0 dxc4 8. Bxc4 b5 9. Be2 Bb7 10. b3 Nbd7 11. Bb2 c5 12. Rc1 Rc8 13. dxc5 Nxc5 14. Nd4 Qb6 15. b4 Nce4 16. Nxe4 Nxe4 17. Bd3 Rxc1 18. Qxc1 Bxb4 19. Bxe4 Bxe4 20. Ba3 Bxa3 21. Qxa3 Rc8 22. Rc1 Qb7 23. f3 Bd5 24. Rxc8+ Qxc8 25. e4 Bc4 26. Nb3 Bxb3 27. axb3 h6 28. b4 Qc2 29. h3 Kh7 30. Kh2 Qc4 31. Kg3 Kg6 32. Kf2 Qc2+ 33. Kg3 Qd2 34. f4 h5 35. f5+ Kh7 36. fxe6 Qd6+ 37. Kf3 Qxe6 38. Qd3 Qf6+ 39. Kg3 Qe5+ 40. Kf3 h4 41. Ke2 g6 42. Qd5 Qb2+ 43. Kd3 Qb1+ 44. Kc3 Qe1+ 45. Kd3 Qf1+ 46. Kc3 Kg7 47. Qe5+ f6 48. Qe7+ Kh6 49. Qf8+ Kh5 50. Qc5+ Kh6 51. Qf8+ Kg5 52. Qc5+ Kf4 53. Qd6+ Kg5 54. Qc5+ Kf4 55. Qd6+ Kg5 56. Qc5+ Kh6 57. Qf8+ Kh5 58. Qc5+ f5 59. exf5 gxf5 60. Qf8 Qc4+ 61. Kb2 Qe2+ 62. Kc3 Qe3+ 63. Kb2 Qe5+ 64. Kc2 Qe4+ 65. Kc3 Qe5+ 66. Kc2 Qc7+ 67. Kd3 Kg5 68. Ke3 Qg3+ 69. Kd4 Qf2+ 70. Kd3 Qf1+ 71. Kc3 Qe1+ 72. Kc2 Qe4+ 73. Kc3 Kf4 74. Qh6+ Kg3 75. Qg5+ Kh2 76. Qg6 Qc4+ 77. Kd2 Qxb4+ 78. Kc2 Qe4+ 79. Kd2 Qxg2+ 80. Qxg2+ Kxg2 0-1

[Event "Reykjavik op"]
[Site "Reykjavik"]
[Date "2024.03.15"]
[Round "1"]
[White "Mammadzada, Gunay Vuqar Qizi"]
[Black "Skarphedinsson, Ingvar Wu"]
[Result "1-0"]
[WhiteElo "2449"]
[BlackElo "2049"]
[PlyCount "115"]
[EventDate "2024.03.15"]
[EventType "swiss"]
[EventRounds "9"]
[EventCountry "ISL"]
[SourceTitle "CBM 219 Extra"]
[Source "ChessBase"]
[SourceDate "2024.05.31"]
[SourceVersion "1"]
[SourceVersionDate "2024.05.31"]
[SourceQuality "1"]

1. Nf3 d5 2. d4 Nf6 3. c4 e6 4. g3 Be7 5. Bg2 0-0 6. 0-0 dxc4 7. Qc2 a6 8. a4 Bd7 9. Qxc4 Bc6 10. Bg5 Bd5 11. Qc2 Be4 12. Qc1 h6 13. Bxf6 Bxf6 14. Nbd2 Bxf3 15. Nxf3 a5 16. e3 c6 17. Rd1 Na6 18. Qc2 Nb4 19. Qc4 Qe7 20. Rd2 Rfd8 21. Rad1 Qf8 22. h4 Rac8 23. Nh2 h5 24. Be4 Qe7 25. Nf3 Rc7 26. b3 Rcd7 27. Kg2 g6 28. Bb1 Na6 29. Ne1 c5 30. d5 exd5 31. Rxd5 Rxd5 32. Rxd5 Rxd5 33. Qxd5 Nb4 34. Qc4 Kg7 35. Nf3 Qd6 36. g4 Qd5 37. g5 Bb2 38. Qxd5 Nxd5 39. Be4 Nb6 40. Nd2 Bc1 41. Nc4 Nxc4 42. bxc4 b6 43. Bd3 Bd2 44. Kg3 Be1 45. Kf3 Kf8 46. Ke2 Bc3 47. f4 Kg7 48. Kf2 Bd2 49. Ke2 Bc3 50. e4 Bd4 51. Bc2 Bc3 52. e5 Bb4 53. f5 gxf5 54. Bxf5 Bc3 55. e6 f6 56. g6 Kf8 57. Ke3 Be5 58. Ke4 1-0

[Event "Wch U16"]
[Site "Montesilvano"]
[Date "2023.11.15"]
[Round "3"]
[White "Smeets, Kobe"]
[Black "Skarphedinsson, Ingvar Wu"]
[Result "1-0"]
[WhiteElo "2266"]
[BlackElo "1989"]
[PlyCount "59"]
[EventDate "2023.11.13"]
[EventType "swiss"]
[EventRounds "11"]
[EventCountry "ITA"]
[SourceTitle "CBM 217 Extra"]
[Source "ChessBase"]
[SourceDate "2024.01.31"]
[SourceVersion "1"]
[SourceVersionDate "2024.01.31"]
[SourceQuality "1"]

1. e4 e6 2. d4 d5 3. Nd2 Nf6 4. e5 Nfd7 5. Bd3 c5 6. c3 Nc6 7. Qg4 h5 8. Qf4 g5 9. Qe3 Bh6 10. Ne2 Qb6 11. Nf3 g4 12. Ng5 Rg8 13. h4 cxd4 14. cxd4 Qb4+ 15. Kf1 Qe7 16. Ng3 f6 17. exf6 Nxf6 18. Bd2 Bd7 19. Rc1 Kf8 20. Nxe6+ Bxe6 21. Qxh6+ Qg7 22. Qf4 Qf7 23. Kg1 Rc8 24. Kh2 Ke8 25. Rhe1 Ne4 26. Nxe4 dxe4 27. Bxe4 Kd7 28. d5 Bxd5 29. Bf5+ Kd8 30. Qd6+ 1-0

[Event "Reykjavik op"]
[Site "Reykjavik"]
[Date "2023.04.04"]
[Round "9"]
[White "Skarphedinsson, Ingvar Wu"]
[Black "Eriksen, Leander"]
[Result "1-0"]
[WhiteElo "1882"]
[BlackElo "1637"]
[PlyCount "149"]
[EventDate "2023.03.29"]
[EventType "swiss"]
[EventRounds "9"]
[EventCountry "ISL"]
[SourceTitle "EXT 2024"]
[Source "ChessBase"]
[SourceDate "2023.10.10"]
[SourceVersion "1"]
[SourceVersionDate "2023.10.10"]
[SourceQuality "1"]

1. d4 Nf6 2. Bf4 e6 3. e3 c5 4. c3 d5 5. Nd2 Nc6 6. Ngf3 Bd6 7. Bg3 0-0 8. Bd3 b6 9. Ne5 Bb7 10. 0-0 Ne7 11. f4 Ne4 12. Bh4 f6 13. Bxe4 dxe4 14. Nec4 Nf5 15. Nxd6 Qxd6 16. Bf2 cxd4 17. cxd4 Rac8 18. g4 Ne7 19. Qa4 Bc6 20. Qxa7 Bb5 21. Rfc1 f5 22. gxf5 exf5 23. Kh1 Nd5 24. Rxc8 Rxc8 25. Rg1 Rc7 26. Qa8+ Kf7 27. Qh8 Qh6 28. Qd8 Qe6 29. Qg5 Qg6 30. Qh4 Qh6 31. Qd8 Qe6 32. Qg5 g6 33. a4 Bd3 34. Qh6 Kg8 35. h4 Nf6 36. Qg5 Rc2 37. Be1 Ng4 38. h5 Be2 39. d5 Qxd5 40. hxg6 h6 41. Qe7 Nf6 42. Qxf6 Bf3+ 43. Nxf3 exf3 44. Qf7+ Qxf7 45. gxf7+ Kxf7 46. Bc3 Ke6 47. Rg3 Kd5 48. Rxf3 Ke4 49. Rg3 Rc1+ 50. Kh2 Ra1 51. Bd4 Rb1 52. Rh3 Re1 53. Rxh6 Kf3 54. Rh3+ Ke4 55. Kg3 Rg1+ 56. Kh4 Rg2 57. Rg3 Rc2 58. Rg7 Rc6 59. Kg5 Re6 60. Rg6 Re8 61. Rxb6 Rg8+ 62. Rg6 Ra8 63. b3 Rb8 64. a5 Rxb3 65. a6 Rb8 66. a7 Re8 67. Re6+ Rxe6 68. a8Q+ Kd3 69. Kxf5 Rh6 70. Qa3+ Kc4 71. Ke4 Re6+ 72. Be5 Rh6 73. Qc3+ Kb5 74. Kd5 Ka4 75. Qc6+ 1-0

[Event "Reykjavik op"]
[Site "Reykjavik"]
[Date "2023.04.02"]
[Round "7"]
[White "Skarphedinsson, Ingvar Wu"]
[Black "Leonard, Timo"]
[Result "0-1"]
[WhiteElo "1882"]
[BlackElo "2196"]
[PlyCount "128"]
[EventDate "2023.03.29"]
[EventType "swiss"]
[EventRounds "9"]
[EventCountry "ISL"]
[SourceTitle "EXT 2024"]
[Source "ChessBase"]
[SourceDate "2023.10.10"]
[SourceVersion "1"]
[SourceVersionDate "2023.10.10"]
[SourceQuality "1"]

1. d4 d5 2. c4 c6 3. cxd5 cxd5 4. Nf3 Nf6 5. Nc3 Nc6 6. Bf4 a6 7. e3 Bf5 8. Bd3 Bxd3 9. Qxd3 e6 10. 0-0 Be7 11. h3 0-0 12. Rac1 Rc8 13. Ne5 Qa5 14. a3 Nxe5 15. dxe5 Nd7 16. e4 d4 17. Qxd4 Rfd8 18. Qa4 Qxa4 19. Nxa4 Rxc1 20. Rxc1 b5 21. Nc3 g5 22. Bg3 Nb6 23. Rd1 Nc4 24. Rxd8+ Bxd8 25. Nd1 Bb6 26. Kf1 Bd4 27. Ke2 Nxb2 28. f4 gxf4 29. Bxf4 Nxd1 30. Kxd1 Bb2 31. Kc2 Bxa3 32. Kb3 Bc5 33. Bh6 a5 34. Kc3 a4 35. Kd3 Bf8 36. Bc1 Kg7 37. g4 Kg6 38. Kd4 h5 39. Kc3 hxg4 40. hxg4 Bc5 41. Bf4 Kg7 42. Bc1 Kf8 43. Bh6+ Ke8 44. Bc1 Kd7 45. Bf4 Kc6 46. Bc1 Bf2 47. g5 Be1+ 48. Kd4 Bb4 49. Kd3 a3 50. Kc2 Be7 51. Kb3 b4 52. Kc4 Bc5 53. Kb3 Kb5 54. Bd2 Bd4 55. Bf4 Bc3 56. Bg3 Bd2 57. Bf2 Bxg5 58. Be1 Be7 59. Bd2 Bc5 60. Bg5 Bd4 61. Bf4 a2 62. Kxa2 Kc4 63. Bg3 b3+ 64. Kb1 Kd3 0-1

[Event "Reykjavik op"]
[Site "Reykjavik"]
[Date "2023.04.01"]
[Round "5"]
[White "Skarphedinsson, Ingvar Wu"]
[Black "Lien, Sebastian"]
[Result "1/2-1/2"]
[WhiteElo "1882"]
[BlackElo "1618"]
[PlyCount "70"]
[EventDate "2023.03.29"]
[EventType "swiss"]
[EventRounds "9"]
[EventCountry "ISL"]
[SourceTitle "CBM 213 Extra"]
[Source "ChessBase"]
[SourceDate "2023.05.31"]
[SourceVersion "1"]
[SourceVersionDate "2023.05.31"]
[SourceQuality "1"]

1. d4 Nf6 2. c4 e6 3. g3 d5 4. Bg2 c6 5. Nf3 Bd6 6. 0-0 Nbd7 7. Qc2 0-0 8. Nbd2 Re8 9. e4 Nxe4 10. Nxe4 dxe4 11. Qxe4 e5 12. Bg5 f6 13. Bd2 exd4 14. Qxd4 Be5 15. Nxe5 Nxe5 16. Qc3 Bh3 17. Bxh3 Qxd2 18. Qxd2 Nf3+ 19. Kg2 Nxd2 20. Rfe1 Kf7 21. b3 Ne4 22. Bd7 Re7 23. Bf5 Rae8 24. Bxe4 Rxe4 25. Rxe4 Rxe4 26. Rd1 Ke7 27. Kf3 f5 28. Rd3 h6 29. Re3 Rxe3+ 30. Kxe3 c5 31. Kf4 Ke6 32. h4 g6 33. Ke3 Ke5 34. f4+ Kf6 35. Kf2 Ke6 1/2-1/2

[Event "Kragero op"]
[Site "Kragero"]
[Date "2023.02.24"]
[Round "6"]
[White "Skarphedinsson, Ingvar Wu"]
[Black "Vingris, Mikelis"]
[Result "0-1"]
[WhiteElo "1867"]
[BlackElo "2030"]
[PlyCount "94"]
[EventDate "2023.02.22"]
[EventType "swiss"]
[EventRounds "9"]
[EventCountry "NOR"]
[SourceTitle "CBM 212 Extra"]
[Source "ChessBase"]
[SourceDate "2023.03.31"]
[SourceVersion "1"]
[SourceVersionDate "2023.03.31"]
[SourceQuality "1"]

1. d4 Nf6 2. Bf4 c5 3. d5 b5 4. a4 b4 5. f3 d6 6. e4 g6 7. Qd2 Bg7 8. Bh6 0-0 9. Bxg7 Kxg7 10. Bc4 Nbd7 11. a5 Rb8 12. h4 h5 13. Nh3 Ne5 14. Be2 Qc7 15. Ng5 Bd7 16. Qe3 Bb5 17. Nd2 Rfc8 18. 0-0 Bxe2 19. Qxe2 c4 20. f4 Neg4 21. Ndf3 Qc5+ 22. Kh1 Ne3 23. Rfe1 Nfg4 24. c3 bxc3 25. bxc3 Qb5 26. Ra2 Qb3 27. Qd2 Rb7 28. Nh3 Rcb8 29. Nd4 Qb1 30. Nc6 Qxe1+ 31. Qxe1 Rb1 32. Ra1 Rxe1+ 33. Rxe1 Rb2 34. Rg1 Ra2 35. Nxa7 Rxa5 36. Nc6 Ra3 37. Nxe7 Rxc3 38. e5 dxe5 39. fxe5 Nxe5 40. Nf4 N5g4 41. Re1 Rc2 42. Nh3 Rxg2 43. d6 Rh2+ 44. Kg1 Rxh3 45. Re2 Rf3 46. Rxe3 Rxe3 47. d7 Rd3 0-1

[Event "Reykjavik Skakping op"]
[Site "Reykjavik"]
[Date "2023.02.01"]
[Round "8"]
[White "Skarphedinsson, Ingvar Wu"]
[Black "Kjartansson, David"]
[Result "0-1"]
[WhiteElo "1867"]
[BlackElo "2293"]
[PlyCount "178"]
[EventDate "2023.01.08"]
[EventType "swiss"]
[EventRounds "9"]
[EventCountry "ISL"]
[SourceTitle "EXT 2024"]
[Source "ChessBase"]
[SourceDate "2023.10.10"]
[SourceVersion "1"]
[SourceVersionDate "2023.10.10"]
[SourceQuality "1"]

1. d4 Nf6 2. Bf4 g6 3. Nc3 Bg7 4. e4 d6 5. Qd2 c6 6. Bh6 Bxh6 7. Qxh6 Nbd7 8. Nf3 Qa5 9. Bd3 e5 10. dxe5 dxe5 11. 0-0 Qc5 12. Qe3 Qe7 13. Nd2 0-0 14. Be2 b5 15. Nb3 a5 16. a4 b4 17. Nb1 Ba6 18. Bxa6 Rxa6 19. N1d2 Qe6 20. Qe2 Raa8 21. Qc4 Qd6 22. Qe2 Nb6 23. Nc4 Nxc4 24. Qxc4 Rfd8 25. Qe2 Qe6 26. Rad1 Nd7 27. h3 Rdc8 28. Rd2 Nb6 29. Ra1 c5 30. Qb5 Nc4 31. Rd5 Nd6 32. Qb6 Nc4 33. Qb5 Nd6 34. Qb6 Nc4 35. Qb5 Nxb2 36. Nxc5 Qe7 37. Rb1 Rab8 38. Qd7 Qf8 39. Na6 Rb6 40. Rxb2 Rxa6 41. Rxe5 Rd8 42. Qe7 Rd1+ 43. Kh2 Qh6 44. Qg5 Qxg5 45. Rxg5 Ra1 46. Rb5 Rxa4 47. f3 Rc6 48. Kg3 Ra1 49. Kf4 Kg7 50. Ke5 Rc3 51. Kf4 h5 52. Kg3 Kf6 53. Rb6+ Ke7 54. Ra6 Rca3 55. Ra7+ Ke6 56. Kf4 Rg1 57. Ra6+ Kd7 58. c3 Rxc3 59. Rxa5 b3 60. Rb5 Ke7 61. Rb7+ Kf6 62. e5+ Ke6 63. Rb6+ Kd5 64. R6xb3 Rc4+ 65. Kg3 Kxe5 66. Re3+ Kf6 67. Rb6+ Kg7 68. Re2 h4+ 69. Kf2 Rcc1 70. Rb4 g5 71. Ke3 Rc3+ 72. Kf2 Rcc1 73. Ke3 Kg6 74. f4 f6 75. fxg5 fxg5 76. Rb6+ Kh5 77. Rf2 Rge1+ 78. Kd3 Red1+ 79. Ke3 Rc3+ 80. Ke4 Rc4+ 81. Ke3 Rc3+ 82. Ke4 Re1+ 83. Kd4 Rc8 84. Rff6 Rd8+ 85. Kc3 Rh8 86. Kd2 Rg1 87. Rf2 Ra1 88. Rbf6 Rd8+ 89. Ke3 Re1+ 0-1

[Event "Reykjavik Skakping op"]
[Site "Reykjavik"]
[Date "2023.01.29"]
[Round "7"]
[White "Skarphedinsson, Ingvar Wu"]
[Black "Birkisson, Bjorn Holm"]
[Result "1/2-1/2"]
[WhiteElo "1867"]
[BlackElo "2135"]
[PlyCount "122"]
[EventDate "2023.01.08"]
[EventType "swiss"]
[EventRounds "9"]
[EventCountry "ISL"]
[SourceTitle "EXT 2024"]
[Source "ChessBase"]
[SourceDate "2023.10.10"]
[SourceVersion "1"]
[SourceVersionDate "2023.10.10"]
[SourceQuality "1"]

1. d4 Nf6 2. c4 c5 3. d5 b5 4. cxb5 a6 5. bxa6 g6 6. Nc3 Bg7 7. e4 0-0 8. Nf3 Qa5 9. Bd2 Bxa6 10. Bxa6 Qxa6 11. Qe2 e6 12. Qxa6 Nxa6 13. 0-0 exd5 14. exd5 Rfb8 15. Rfb1 Nb4 16. Bf4 Rb6 17. Rd1 d6 18. h3 c4 19. Nd2 Nfxd5 20. Nxc4 Rc6 21. Nxd5 Nxd5 22. Rxd5 Rxc4 23. Be3 Bxb2 24. Rb1 Be5 25. Rd2 Kg7 26. g3 Ra3 27. Rb3 Rxb3 28. axb3 Rc3 29. b4 Rb3 30. Kg2 Kf8 31. b5 Rxb5 32. f4 Rb3 33. Kf2 Bc3 34. Rxd6 Be1+ 35. Kxe1 Rxe3+ 36. Kf2 Ra3 37. Rd7 h5 38. h4 Kg7 39. Kg2 Kf6 40. Rd5 Ke6 41. Re5+ Kd6 42. Rg5 Rd3 43. f5 Rd5 44. fxg6 Rxg5 45. hxg5 fxg6 46. g4 hxg4 47. Kg3 Ke5 48. Kxg4 Ke4 49. Kg3 Ke3 50. Kg4 Ke4 51. Kg3 Kf5 52. Kf3 Kxg5 53. Kg3 Kf5 54. Kf3 g5 55. Kg3 g4 56. Kg2 Kf4 57. Kf2 g3+ 58. Kg2 Kg4 59. Kg1 Kf3 60. Kf1 g2+ 61. Kg1 Kg3 1/2-1/2

[Event "Reykjavik Skakping op"]
[Site "Reykjavik"]
[Date "2023.01.22"]
[Round "5"]
[White "Briem, Benedikt"]
[Black "Skarphedinsson, Ingvar Wu"]
[Result "1-0"]
[WhiteElo "2100"]
[BlackElo "1867"]
[PlyCount "85"]
[EventDate "2023.01.08"]
[EventType "swiss"]
[EventRounds "9"]
[EventCountry "ISL"]
[SourceTitle "EXT 2024"]
[Source "ChessBase"]
[SourceDate "2023.10.10"]
[SourceVersion "1"]
[SourceVersionDate "2023.10.10"]
[SourceQuality "1"]

1. d4 Nf6 2. c4 g6 3. Nc3 Bg7 4. e4 d6 5. Be2 0-0 6. Nf3 e5 7. Be3 Ng4 8. Bg5 f6 9. Bc1 Nc6 10. d5 Nd4 11. Nxd4 exd4 12. Nb5 f5 13. 0-0 Ne5 14. exf5 d3 15. Bxd3 Nxd3 16. Qxd3 Bxf5 17. Qd2 Qf6 18. a4 a6 19. Nxc7 Rac8 20. Ne6 Bxe6 21. dxe6 Qxe6 22. Qd5 Qxd5 23. cxd5 Rc2 24. Be3 Rfc8 25. Rfc1 Kf7 26. g4 h6 27. Kg2 g5 28. Rxc2 Rxc2 29. Rc1 Rxc1 30. Bxc1 b5 31. b3 bxa4 32. bxa4 Bd4 33. f4 Kg6 34. Kf3 Bc5 35. Ke4 gxf4 36. Bxf4 Bb4 37. Bg3 Bc5 38. h4 Bb4 39. h5+ Kg5 40. Kf3 Kf6 41. Bf4 Kg7 42. Ke4 Bc5 43. Kf5 1-0

[Event "EU-ch U16 30th"]
[Site "Antalya"]
[Date "2022.11.06"]
[Round "1"]
[White "Piliposyan, Robert"]
[Black "Skarphedinsson, Ingvar Wu"]
[Result "1-0"]
[WhiteElo "2281"]
[BlackElo "1961"]
[PlyCount "37"]
[EventDate "2022.11.06"]
[EventType "swiss"]
[EventRounds "9"]
[EventCountry "TUR"]
[SourceTitle "EXT 2024"]
[Source "ChessBase"]
[SourceDate "2023.10.10"]
[SourceVersion "1"]
[SourceVersionDate "2023.10.10"]
[SourceQuality "1"]

1. d4 Nf6 2. c4 g6 3. Nc3 Bg7 4. e4 d6 5. Be2 0-0 6. Be3 e5 7. d5 Na6 8. h4 Nc5 9. Qc2 a5 10. h5 c6 11. Rd1 Na6 12. h6 Bh8 13. dxc6 bxc6 14. Qd2 Rb8 15. b3 a4 16. bxa4 Qa5 17. f3 Be6 18. Bg5 Bxc4 19. a3 1-0

[Event "Nordic-ch U15"]
[Site "Helsingborg"]
[Date "2022.08.27"]
[Round "3"]
[White "Skarphedinsson, Ingvar Wu"]
[Black "Lye, Sverre"]
[Result "1/2-1/2"]
[WhiteElo "1875"]
[BlackElo "1963"]
[PlyCount "36"]
[EventDate "2022.08.26"]
[EventType "swiss"]
[EventRounds "6"]
[EventCountry "SWE"]
[SourceTitle "EXT 2023"]
[Source "ChessBase"]
[SourceDate "2022.10.05"]
[SourceVersion "1"]
[SourceVersionDate "2022.10.05"]
[SourceQuality "1"]

1. d4 Nf6 2. Bf4 d5 3. e3 e6 4. Nf3 Bd6 5. Bg3 0-0 6. Nbd2 c5 7. c3 Qc7 8. Ne5 Nbd7 9. Ndf3 Ne4 10. Bd3 Ndf6 11. Qc2 c4 12. Nxc4 Nxg3 13. hxg3 dxc4 14. Bxh7+ Kh8 15. Be4+ Kg8 16. Bh7+ Kh8 17. Be4+ Kg8 18. Bh7+ Kh8 1/2-1/2

[Event "Nordic-ch U15"]
[Site "Helsingborg"]
[Date "2022.08.26"]
[Round "1"]
[White "Jacobsen, Markus"]
[Black "Skarphedinsson, Ingvar Wu"]
[Result "0-1"]
[WhiteElo "1324"]
[BlackElo "1875"]
[PlyCount "86"]
[EventDate "2022.08.26"]
[EventType "swiss"]
[EventRounds "6"]
[EventCountry "SWE"]
[SourceTitle "EXT 2023"]
[Source "ChessBase"]
[SourceDate "2022.10.05"]
[SourceVersion "1"]
[SourceVersionDate "2022.10.05"]
[SourceQuality "1"]

1. e4 e6 2. d4 d5 3. e5 c5 4. c3 Nc6 5. Nf3 Qb6 6. Qb3 c4 7. Qxb6 axb6 8. Be2 Bd7 9. 0-0 b5 10. Bf4 b4 11. cxb4 Bxb4 12. Bd2 Bxd2 13. Nbxd2 Nge7 14. Rfd1 0-0 15. a3 Ra7 16. Nb1 Na5 17. Nbd2 Ba4 18. Re1 Nb3 19. Nxb3 Bxb3 20. Bd1 Bxd1 21. Raxd1 b5 22. Re3 Rb8 23. Ne1 Nc6 24. Nc2 b4 25. Nxb4 Nxb4 26. axb4 Rxb4 27. Re2 Ra2 28. Kf1 Rbxb2 29. Rxb2 Rxb2 30. Ke1 h6 31. Ra1 Kh7 32. Ra7 Kg6 33. Rc7 f6 34. Rc6 Kf5 35. exf6 gxf6 36. g4+ Ke4 37. Rxe6+ Kd3 38. Re3+ Kxd4 39. Rh3 c3 40. Kd1 Rxf2 41. Rxh6 Kc4 42. Rh8 d4 43. Rh7 d3 0-1

[Event "Reykjavik Blitz op"]
[Site "Reykjavik"]
[Date "2022.01.29"]
[Round "6"]
[White "Skarphedinsson, Ingvar Wu"]
[Black "Johannsdottir, Johanna Bjorg"]
[Result "0-1"]
[WhiteElo "1664"]
[BlackElo "1946"]
[PlyCount "62"]
[EventDate "2022.01.29"]
[EventType "swiss (blitz)"]
[EventRounds "11"]
[EventCountry "ISL"]
[SourceTitle "CBM 206 Extra"]
[Source "ChessBase"]
[SourceDate "2022.03.31"]
[SourceVersion "1"]
[SourceVersionDate "2022.03.31"]
[SourceQuality "1"]

1. d4 g6 2. c4 Bg7 3. Nc3 d6 4. g3 Nc6 5. Nf3 Nf6 6. Bg2 0-0 7. 0-0 e5 8. d5 Ne7 9. e4 Ne8 10. Be3 f5 11. b4 Nf6 12. Nd2 Ng4 13. Bg5 h6 14. Bxe7 Qxe7 15. Qe2 f4 16. Bf3 fxg3 17. fxg3 Qg5 18. Bxg4 Bxg4 19. Qg2 Qe3+ 20. Kh1 Qxc3 21. Rac1 Rxf1+ 22. Rxf1 Qe3 23. Qf2 Qxf2 24. Rxf2 a5 25. b5 h5 26. Kg2 Bh6 27. Nb1 Be3 28. Rc2 Rf8 29. Nc3 Bd4 30. Nb1 Bf3+ 31. Kh3 Bxe4 0-1

[Event "Reykjavik Blitz op"]
[Site "Reykjavik"]
[Date "2022.01.29"]
[Round "7"]
[White "Thorhallsson, Simon"]
[Black "Skarphedinsson, Ingvar Wu"]
[Result "1-0"]
[WhiteElo "2245"]
[BlackElo "1664"]
[PlyCount "76"]
[EventDate "2022.01.29"]
[EventType "swiss (blitz)"]
[EventRounds "11"]
[EventCountry "ISL"]
[SourceTitle "CBM 206 Extra"]
[Source "ChessBase"]
[SourceDate "2022.03.31"]
[SourceVersion "1"]
[SourceVersionDate "2022.03.31"]
[SourceQuality "1"]

1. e4 c6 2. d3 d5 3. Nd2 Nf6 4. Ngf3 Bg4 5. h3 Bh5 6. e5 Nfd7 7. d4 c5 8. Be2 cxd4 9. e6 fxe6 10. Nxd4 Bf7 11. 0-0 Nc6 12. N2f3 Qc7 13. Re1 e5 14. Nb5 Qb6 15. Ng5 Bg8 16. Nc3 d4 17. Nce4 0-0-0 18. Bg4 Kc7 19. Be6 Kb8 20. Qg4 Nf6 21. Nxf6 exf6 22. Bxg8 Rxg8 23. Ne6 Re8 24. c3 Nd8 25. Nf4 Bd6 26. Nd5 Qc6 27. c4 Nf7 28. b3 b6 29. Qd1 Qb7 30. Bd2 e4 31. Qg4 Be5 32. Qxe4 Nd6 33. Qb1 b5 34. Qc1 Rc8 35. Bf4 Bxf4 36. Qxf4 Rcd8 37. Re7 Qc6 38. Rc7 Qa6 1-0

[Event "EU-ch Hybrid U14"]
[Site "Tornelo INT"]
[Date "2021.10.15"]
[Round "8"]
[White "Afonso, Joao Pedro"]
[Black "Skarphedinsson, Ingvar Wu"]
[Result "1/2-1/2"]
[WhiteElo "1482"]
[BlackElo "1665"]
[PlyCount "74"]
[EventDate "2021.10.15"]
[EventType "swiss"]
[EventRounds "9"]
[EventCountry "NET"]
[SourceTitle "EXT 2023"]
[Source "ChessBase"]
[SourceDate "2022.10.05"]
[SourceVersion "1"]
[SourceVersionDate "2022.10.05"]
[SourceQuality "1"]
[WhiteTeam "Portugal"]
[BlackTeam "Island"]
[WhiteTeamCountry "POR"]
[BlackTeamCountry "ISL"]

1. e4 c5 2. Nf3 e6 3. d4 cxd4 4. Nxd4 a6 5. Nc3 Qc7 6. g3 Nf6 7. Bg2 Bb4 8. Bd2 Nc6 9. Nb3 b5 10. 0-0 Bb7 11. a3 Be7 12. f4 h5 13. h3 d6 14. Be3 Na5 15. Nxa5 Qxa5 16. e5 Bxg2 17. Kxg2 dxe5 18. fxe5 Nd7 19. Rxf7 Kxf7 20. Qxd7 Rhf8 21. Rf1+ Kg8 22. Qxe6+ Kh8 23. Qxe7 Rxf1 24. Kxf1 b4 25. axb4 Qa1+ 26. Ke2 Qxb2 27. Kd3 Rc8 28. Bc5 Qc1 29. Qh4 Qf1+ 30. Kd4 Qf2+ 31. Kc4 Qf7+ 32. Nd5 Qf1+ 33. Kb3 Qb1+ 34. Kc3 Qa1+ 35. Kb3 Qb1+ 36. Kc3 Qa1+ 37. Kb3 Qb1+ 1/2-1/2

[Event "ISL-ch Online Rapid"]
[Site "Tornelo INT"]
[Date "2020.12.26"]
[Round "7"]
[White "Saemundarson, Saethor Ingi"]
[Black "Skarphedinsson, Ingvar Wu"]
[Result "0-1"]
[WhiteElo "1130"]
[BlackElo "1632"]
[PlyCount "70"]
[EventDate "2020.12.26"]
[EventType "tourn (rapid)"]
[EventRounds "7"]
[EventCountry "ISL"]
[SourceTitle "CBM 199 Extra"]
[Source "ChessBase"]
[SourceDate "2021.01.31"]
[SourceVersion "1"]
[SourceVersionDate "2021.01.31"]
[SourceQuality "1"]

1. e4 e5 2. Nf3 Nc6 3. Bb5 a6 4. Ba4 Nf6 5. 0-0 b5 6. Bb3 d6 7. Nc3 Be7 8. d3 0-0 9. Nd5 Bg4 10. Nxf6+ Bxf6 11. Bd5 Nd4 12. Bxa8 Qxa8 13. h3 Nxf3+ 14. gxf3 Bxh3 15. Re1 Qd8 16. f4 Bh4 17. Kh2 Bc8 18. Rg1 Bxf2 19. Rg5 Qf6 20. f5 d5 21. Qf3 Bd4 22. Be3 Bxb2 23. Rag1 g6 24. Qh5 Kg7 25. fxg6 hxg6 26. Qh4 Rh8 27. Rxg6+ fxg6 28. Bh6+ Rxh6 29. Rxg6+ Qxg6 30. Qxh6+ Qxh6+ 31. Kg3 Qf4+ 32. Kg2 Bg4 33. c4 Qf3+ 34. Kh2 Qh3+ 35. Kg1 Bd4# 0-1

[Event "EU-ch Online U14"]
[Site "Tornelo INT"]
[Date "2020.09.20"]
[Round "7"]
[White "Skarphedinsson, Ingvar Wu"]
[Black "Burgaard, Kristian Gade"]
[Result "1-0"]
[WhiteElo "1218"]
[BlackElo "1696"]
[PlyCount "133"]
[EventDate "2020.09.18"]
[EventType "swiss (rapid)"]
[EventRounds "9"]
[EventCountry "ENG"]
[SourceTitle "EXT 2023"]
[Source "ChessBase"]
[SourceDate "2022.10.05"]
[SourceVersion "1"]
[SourceVersionDate "2022.10.05"]
[SourceQuality "1"]
[WhiteTeam "Island"]
[BlackTeam "Denmark"]
[WhiteTeamCountry "ISL"]
[BlackTeamCountry "DEN"]

1. e4 c5 2. Nf3 e6 3. Nc3 a6 4. d3 b5 5. g3 Bb7 6. Bg2 Nc6 7. 0-0 Qc7 8. Bf4 d6 9. Re1 Be7 10. Ne2 Nf6 11. c3 0-0 12. Rc1 Qd7 13. Be3 Rfd8 14. Nd2 Ng4 15. Nf4 Nxe3 16. Rxe3 b4 17. Bh3 Bg5 18. Nc4 Qe7 19. d4 Rab8 20. d5 Ne5 21. Na5 exd5 22. Nxd5 Bxd5 23. f4 Qc7 24. fxg5 Qxa5 25. Qxd5 Qc7 26. Bf1 bxc3 27. bxc3 a5 28. Re2 g6 29. Bg2 Qc6 30. Qxc6 Nxc6 31. Rd1 Ne5 32. Bf1 Rb6 33. Kg2 Rdb8 34. Red2 Rb2 35. h4 Rxd2+ 36. Rxd2 Nc4 37. Bxc4 Rd8 38. e5 d5 39. Rxd5 Rb8 40. Rxc5 Rb2+ 41. Kf3 Rc2 42. Rc8+ Kg7 43. Bd5 Rc1 44. c4 Rf1+ 45. Ke4 Re1+ 46. Kd4 Rd1+ 47. Kc5 Rd3 48. Rc7 Rxg3 49. Rxf7+ Kh8 50. e6 h6 51. e7 Re3 52. Rf8+ Kg7 53. gxh6+ Kxh6 54. e8Q Rxe8 55. Rxe8 a4 56. Bf7 a3 57. Bxg6 Kg7 58. Kd6 Kf6 59. Rf8+ Kg7 60. h5 Kh6 61. Bb1 Kg7 62. Ke7 Kh6 63. Kf6 Kxh5 64. Rg8 Kh4 65. Kf5 Kh3 66. Kf4 Kh4 67. Rh8# 1-0